000 00868nam a2200265 i 4500
003 EG-GICUC
005 20260203171107.0
008 260203s1880 ua |||fr||||| 000 0frea d
040 _aEG-GiCUC
_bfre
_cEG-GiCUC
_dEG-GiCUC
_eRda
082 0 4 _221
_a341.33
_bAC
092 0 4 _221
099 _aLaw1 11 341.33 AC 1880
245 0 0 _aActes Diplomatiques Et Firmans Impériaux :
_bRelatifs a L'égypte /
_c
_n
264 1 _aCaire :
_bImprimerie De L'état-major Général,
_c1880 .
300 _a62page :
_billustration ;
_c 24 cm.
336 _2rda contenu
_a texte
337 _2rda medias
_aOrdinateur
338 _2 transporteur rda
_a Ressource en ligne
546 _aTexte en français
650 1 4 _aDroit international public
_2
651 1 _2
856 4 0 _uhttps://fll.law.cu.edu.eg/fulltext/bks/B11-06531.pdf
905 _a50
942 _2ddc
_cBK
_e21
_n0
999 _c60700
_d60700